[Event "15th Governor Cup 2019"]
[Site "Khanty-Mansiysk"]
[Date "2019.11.20"]
[Round "2.18"]
[White "Najdin, Danil"]
[Black "Mironenko, Galina"]
[Result "1-0"]
[WhiteElo "2357"]
[BlackElo "2236"]
[Annotator "TA"]
[PlyCount "85"]
[EventDate "2019.11.19"]
[EventType "swiss"]
[EventCountry "RUS"]
[SourceTitle "playchess.com"]
[Source "ChessBase"]
[SourceQuality "1"]

{[%evp 16,85,56,34,37,41,70,66,100,100,133,127,147,100,145,137,150,114,120,122,112,115,102,106,108,107,149,125,153,137,138,141,123,141,125,148,153,132,148,71,76,83,118,99,104,101,206,219,204,220,209,212,265,251,406,411,379,372,356,356,1550,337,341,243,225,233,29982,29983,29983,29984,29982,29983]} 1. d4 Nf6 2. c4 e6 3. Nf3 b6 4. Nc3 Bb7 5. a3 Be7 6. d5 exd5 7. cxd5 O-O 8. e4 d6 9. Bd3 Re8 {E12: Queen's Indian: Unusual White 4th moves, 4 a3, 4 Nc3 Bb7 5 a3 and 4 Nc3 Bb7} 10. O-O Bf8 11. Nd4 $146 ({Predecessor:} 11. Re1 c5 12. Bf4 a6 13. a4 Nbd7 14. h3 g6 15. Qd2 Ne5 16. Nxe5 dxe5 17. Bg5 Be7 18. Bh6 Qd7 19. Bc4 Bd6 20. Qg5 Nh5 21. Rad1 Bc8 22. Be2 {1-0 (40) Orzech,D (2384)-Klekowski,M (2450) Zgierz 2017}) 11... g6 {White is slightly better.} 12. Bg5 h6 {[#]} 13. Bh4 $1 Nbd7 14. Rc1 Bg7 15. f3 a6 16. Kh1 Ne5 17. Be2 c5 18. dxc6 $1 Nxc6 19. Nxc6 Bxc6 20. Bc4 Qb8 21. Rc2 Rd8 22. Bxf6 Bxf6 23. Bd5 Rc8 24. Bxc6 Rxc6 25. Nd5 Rxc2 26. Nxf6+ Kg7 27. Nh5+ (27. Qxc2 $142 Kxf6 28. Rd1) 27... gxh5 $16 28. Qxc2 {[%mdl 4096] Endgame KQR-KQR} Qc8 29. Qd2 Qd8 30. Qd4+ f6 (30... Kg8 $16) 31. Rd1 Rc8 32. h4 Rc6 33. Qd5 Qe8 34. f4 Qd7 $2 (34... Rc5 35. Qb7+ (35. Qxd6 Rc6 $18) 35... Qf7 36. Qxb6 (36. Qxa6 Qc7 $18) 36... Qe7 37. Qxa6 (37. Rxd6 Qxe4 38. Qa7+ Kg6 $11) (37. Qxd6 Qxd6 38. Rxd6 Rc4 $18) 37... Rc2) 35. Rd3 $18 {White wants to mate with Rg3+.} ({Not} 35. Qxh5 Qf7 $18) 35... Rc1+ 36. Kh2 {And now Rg3+ would win.} Qg4 37. Qxd6 Qxh4+ 38. Rh3 Qg4 {intending ...Kf7.} 39. f5 {Strongly threatening Rg3!} h4 {[#]} 40. Rd3 $1 {Intending Qe7+ and mate.} ({Less strong is} 40. Qe7+ Kg8 $14) 40... Qxe4 $2 (40... Kh7 $18 41. Qe7+ Qg7 42. Qxg7+ Kxg7 43. Rd7+ Kf8) 41. Qd7+ {White mates.} Kf8 42. Qd8+ {[%mdl 64] Double Attack} Qe8 43. Qxf6+ {[%mdl 64] Double Attack. Accuracy: White = 80%, Black = 51%.} 1-0

[Event "15th Governor Cup 2019"]
[Site "Khanty-Mansiysk"]
[Date "2019.11.20"]
[Round "2.19"]
[White "Mukhina, Jana"]
[Black "Zakaryan, David"]
[Result "0-1"]
[WhiteElo "2105"]
[BlackElo "2338"]
[Annotator "TA"]
[PlyCount "86"]
[EventDate "2019.11.19"]
[EventType "swiss"]
[EventCountry "RUS"]
[SourceTitle "playchess.com"]
[Source "ChessBase"]
[SourceQuality "1"]

{[%evp 9,90,6,16,23,10,6,7,6,0,-5,0,0,1,6,30,0,5,-18,-6,-8,-8,-18,-12,-12,22,22,39,33,34,13,29,26,12,-14,-18,-25,32,16,0,0,19,0,19,0,0,0,-5,-55,0,-9,14,-17,16,-19,-2,0,-3,-212,-214,-174,-231,-265,-271,-250,-234,-230,-218,-382,-320,-1510,-347,-659,-637,-512,-460,-2572,-2529,-29994,-29995,-29995,-29996,-29996,-29997]} 1. e4 c5 2. Nf3 e6 3. g3 Nc6 4. Bg2 Nf6 5. Qe2 d5 (5... Be7 6. e5 Nd5 7. O-O d6 8. exd6 Qxd6 9. Rd1 Nc7 10. d4 cxd4 11. Bf4 Qd8 12. Ne5 Nd5 13. Nxc6 bxc6 {1-0 (66) Vachier Lagrave,M (2774)-Yu,Y (2763) Khanty-Mansiysk 2019}) 6. exd5 {B40: Sicilian: 2...e6, Unusual lines} Nxd5 7. O-O Be7 8. Nc3 $146 {The position is equal.} ({Predecessor:} 8. Rd1 O-O {0-1 (73) Evdokimov,A (2280)-Geller,J (2526) St Petersburg 2017}) 8... O-O 9. Rd1 Ndb4 10. d3 Nd4 11. Nxd4 cxd4 12. Nb1 Qc7 13. c3 Nc6 $1 14. c4 e5 15. a3 a5 16. Re1 Bd6 17. Nd2 f5 18. Bd5+ Kh8 19. Nf3 f4 $1 20. Ng5 Bf5 21. Ne6 Bxe6 $1 22. Bxe6 Ne7 (22... fxg3 $11 23. fxg3 (23. hxg3 e4 $15) 23... e4 24. Qxe4 Bxg3) 23. Qe4 Rf6 {Hoping for ...fxg3.} 24. Bh3 Raf8 25. Bd2 a4 26. Bb4 Nc6 27. c5 Be7 28. Rf1 h5 (28... Qd8 $15) 29. f3 g6 30. Rf2 Kg7 31. Kh1 Nd8 32. Rc1 Nf7 {And now ...Ng5 would win.} 33. Bg2 $2 (33. Re2 $11) 33... fxg3 $1 $19 34. hxg3 {[#]} h4 $1 {[%mdl 512]} 35. c6 {next Rfc2 is good for White.} (35. Qxh4 Rh8) 35... Bxb4 ({Not} 35... bxc6 36. gxh4 Bxb4 37. axb4 $17) ({Weaker is} 35... Rxc6 36. Rxc6 bxc6 37. Be1 $17) 36. axb4 hxg3 37. Rfc2 b6 38. Qd5 $2 (38. Qg4 {is a better defense.}) 38... Rd8 39. Qb5 $2 {[#]} (39. Qe4) 39... Ng5 $2 (39... e4 $1 {[%mdl 512]} 40. Re1 (40. dxe4 Qf4) 40... exf3 41. Bxf3 Qf4) 40. Re1 $2 (40. Kg1 Rxf3 41. Bxf3 Nxf3+ 42. Kg2 Nh4+ 43. Kh1) 40... Rf5 {aiming for ...e4.} 41. Qa6 Rb8 {Strongly threatening ...Kf6.} 42. Ra1 (42. Kg1 $142 Kh8 43. Qc4) 42... Kf6 {( -> ...Qh7+)} 43. Rxa4 Qh7+ 0-1

[Event "15th Governor Cup 2019"]
[Site "Khanty-Mansiysk"]
[Date "2019.11.20"]
[Round "2.20"]
[White "Maltsevskaya, Aleksandra"]
[Black "Kochukova, Anna"]
[Result "1-0"]
[WhiteElo "2332"]
[BlackElo "2117"]
[Annotator "TA"]
[PlyCount "57"]
[EventDate "2019.11.19"]
[EventType "swiss"]
[EventCountry "RUS"]
[SourceTitle "playchess.com"]
[Source "ChessBase"]
[SourceQuality "1"]

{[%evp 9,57,43,64,44,43,43,48,29,47,39,38,30,34,23,31,20,85,79,70,71,83,91,73,84,102,93,111,118,140,118,94,85,87,60,46,66,64,70,82,71,421,410,768,751,29992,29993,29996,29997,29997,29998]} 1. e4 c5 2. Nf3 e6 3. g3 Nc6 4. Bg2 Nge7 (4... Nf6 5. Qe2 Be7 6. e5 Nd5 7. O-O d6 8. exd6 Qxd6 9. Rd1 Nc7 10. d4 cxd4 11. Bf4 Qd8 12. Ne5 Nd5 13. Nxc6 bxc6 {1-0 (66) Vachier Lagrave,M (2774)-Yu,Y (2763) Khanty-Mansiysk 2019}) 5. O-O d6 6. c3 {B40: Sicilian: 2...e6, Unusual lines} g6 7. d4 cxd4 8. cxd4 {White is slightly better.} Bg7 9. d5 exd5 10. exd5 Ne5 11. Nxe5 dxe5 $146 ({Predecessor:} 11... Bxe5 12. Re1 {1-0 (28) Genocchio,D (2464)-Valsecchi,A (2336) Sarre 2009}) 12. Bg5 h6 (12... f6 $11 13. Be3 Nf5) 13. Bxe7 $16 Qxe7 14. d6 Qd7 15. Nc3 O-O 16. Ne4 Rd8 17. Rc1 {[%cal Ba1c1,Bc1c7,Bc7e7][%mdl 32]} Rb8 18. Rc7 Qe6 19. Re7 Qf5 20. f4 {[#] aiming for fxe5.} Be6 21. Kh1 exf4 $1 22. Rxf4 Qa5 23. b4 $36 {[%mdl 2048] White is more active.} Qb6 24. h4 Bxa2 $2 {[%mdl 8192]} (24... Re8 $16) 25. Qc2 $18 Be6 {[#]} (25... Qa6 $142 26. Qf2 f5) 26. Rxe6 $1 {[%mdl 512] Strongly threatening Rxf7!} fxe6 27. Nf6+ {[%mdl 64] Discovered Attack. White mates.} Bxf6 28. Qxg6+ {[%mdl 64] Double Attack} Bg7 29. Be4 {Accuracy: White = 71%, Black = 42%.} 1-0

[Event "15th Governor Cup 2019"]
[Site "Khanty-Mansiysk"]
[Date "2019.11.20"]
[Round "2.21"]
[White "Ryabov, Georgi"]
[Black "Skatchkov, Valery"]
[Result "0-1"]
[WhiteElo "1887"]
[BlackElo "2309"]
[Annotator "TA"]
[PlyCount "88"]
[EventDate "2019.11.19"]
[EventType "swiss"]
[EventCountry "RUS"]
[SourceTitle "playchess.com"]
[Source "ChessBase"]
[SourceQuality "1"]

{[%evp 23,89,-15,0,-34,-31,-110,-20,-18,-14,-23,-14,-3,0,-23,0,-49,-57,-72,-47,-73,0,-13,-7,-20,110,9,21,12,51,-116,-112,-237,-236,-314,-329,-329,-316,-321,-272,-341,-334,-338,-331,-302,-273,-279,-260,-413,-427,-623,-355,-337,-253,-322,-318,-310,-207,-466,-462,-454,-434,-362,-289,-443,-414,-491,-449,-2047]} 1. c4 e5 2. g3 Nf6 3. Bg2 d5 4. cxd5 Nxd5 5. Nc3 Nb6 6. Nf3 Nc6 7. O-O Be7 8. d3 O-O 9. a3 Be6 10. b4 a5 11. b5 Nd4 12. Rb1 f6 13. Bb2 {A29: English Opening: Four Knights Variation with 4 g3} (13. Nd2 Qc8 14. e3 Nf5 15. Qc2 a4 16. Rd1 Nd6 17. Nde4 Nxe4 18. Nxe4 Bd5 19. Nc5 Bxg2 20. Kxg2 Bxc5 21. Qxc5 {½-½ (85) Svidler,P (2757)-Giri,A (2793) Moscow 2016}) 13... a4 14. e3 (14. Re1 $15) 14... Nxf3+ $146 (14... Bb3 $17 15. Qc1 Nxf3+ 16. Bxf3 Qxd3 17. Bxb7 Rad8) ({Predecessor:} 14... Bb3 15. Qd2 Nc4 16. Qc1 Nxf3+ 17. Bxf3 Nxb2 18. Qxb2 Qxd3 19. Bxb7 Rad8 20. Rbc1 f5 {1-0 (38) Paladini,J (2053)-Mauron,P (2115) Lenk 2011}) 15. Bxf3 {The position is equal.} Qc8 16. Qe2 Rd8 17. Rfd1 Ra5 18. Bg2 Bg4 19. f3 Bh5 20. Kh1 Bf8 21. Rbc1 Nd5 (21... Qe6 $17) 22. d4 $11 exd4 23. Rxd4 {[%mdl 64] Double Attack} Nb6 (23... Nxc3 $11 24. Bxc3 Ra8) 24. Ne4 (24. Bh3 $1 $16 {[%cal Rh3c8]} Qb8 25. Be6+ Kh8 26. Rh4) 24... Rxd4 25. Bxd4 Qd7 (25... Nd5 {seems wilder.} 26. Qc4 Bf7 27. Qd3 Bg6 28. Bc5 Qe6) 26. Rb1 $2 {[#]} (26. Bf1 $14 {keeps the upper hand.}) 26... Bf7 $1 $17 27. Bxb6 (27. Bf1 $17) 27... cxb6 $19 28. Nd2 Ra8 ({Weaker is} 28... Bxa3 29. Nc4 $17) 29. Nc4 Qc7 30. Bf1 Rc8 31. Rc1 {[#]} Bxa3 $1 {[%mdl 576] Pin} 32. Rc2 (32. Nxa3 Qxc1) 32... Bf8 33. e4 Be6 34. Ne3 Qd8 35. Rxc8 (35. Nd5 $142 a3 36. Qd2) 35... Qxc8 36. Nd5 (36. Qd2 $142 Bb3 37. Bd3) 36... a3 37. Qc4 Bc5 38. Qa2 Kh8 39. Bc4 Qa8 40. Nxb6 $2 (40. Qe2) 40... Bxc4 ({Not} 40... Bxb6 41. Bxe6 Qf8 42. Qd5 $11) 41. Nxc4 Qa4 42. Kg2 Qxb5 43. h4 (43. Nxa3 $142 Qa6 44. Qd5 Qxa3 45. Qxb7) 43... Qa6 44. Kh2 h6 {Played: Qa6-e6} 0-1

[Event "15th Governor Cup 2019"]
[Site "Khanty-Mansiysk"]
[Date "2019.11.20"]
[Round "2.22"]
[White "Chinguun, Sumiya"]
[Black "Dorofeeva, Nyurguiaana"]
[Result "1-0"]
[WhiteElo "2307"]
[BlackElo "1848"]
[Annotator "TA"]
[PlyCount "63"]
[EventDate "2019.11.19"]
[EventType "swiss"]
[EventCountry "RUS"]
[SourceTitle "playchess.com"]
[Source "ChessBase"]
[SourceQuality "1"]

{[%evp 12,63,37,20,61,63,55,31,25,20,45,57,58,64,62,43,27,47,23,7,7,-4,39,31,49,52,71,21,54,58,54,46,39,41,44,18,27,14,19,10,243,243,437,272,273,274,29995,29996,29996,29997,29997,29998,29998,29999]} 1. e4 c6 2. c4 d5 3. cxd5 cxd5 4. exd5 Qxd5 5. Nc3 Qa5 6. Nf3 Nf6 7. d4 g6 {B10: Caro-Kann: 2 d3 and 2 c4} 8. Bb5+ Bd7 9. Bc4 {aiming for Qb3.} Bg7 {White is slightly better.} 10. Qb3 e6 $146 ({Predecessor:} 10... O-O 11. Ne5 Qb6 12. Bxf7+ Kh8 13. Be3 Qxb3 14. Bxb3 Ng4 15. Nf7+ {1-0 (27) Perez Mitjans,O (2412)-Aguilera Bonaque,J (2035) Manresa 2007}) 11. Qxb7 Bc6 12. Bb5 Bxb5 13. Qxb5+ (13. Qc8+ {feels hotter.} Qd8 14. Qxd8+ Kxd8 15. Nxb5 Nc6 16. O-O) 13... Qxb5 14. Nxb5 {Nc7+ is the strong threat.} Nd5 15. b3 O-O 16. Ba3 Rc8 17. O-O Nd7 18. Rfc1 a5 19. Nd6 Rxc1+ 20. Rxc1 Bf8 21. Ne5 $36 {[%mdl 2048] White has the initiative.} Nxe5 22. dxe5 Nb4 23. Rc7 (23. Bxb4 $5 axb4 24. Rc2 $14) 23... Nxa2 24. g3 Rb8 25. Bc5 Rxb3 $2 {[#]} (25... h5 $11) 26. Rc8 $1 $18 Rb1+ 27. Kg2 {Hoping for Ne4.} Rc1 28. Ne4 {Intending Nf6+ and mate.} a4 $2 (28... Rxc5 $18 29. Nxc5 Kg7) 29. Nf6+ {White mates.} Kh8 30. Rxf8+ {[%mdl 64] [#] Double Attack} Kg7 31. Rg8+ Kh6 32. Be3+ {[%mdl 64] Double Attack. Accuracy: White = 62%, Black = 39%.} 1-0

[Event "15th Governor Cup 2019"]
[Site "Khanty-Mansiysk"]
[Date "2019.11.20"]
[Round "3.2"]
[White "Bocharov, Ivan"]
[Black "Kokarev, Dmitry"]
[Result "1/2-1/2"]
[WhiteElo "2571"]
[BlackElo "2601"]
[Annotator "TA"]
[PlyCount "18"]
[EventDate "2019.11.19"]
[EventType "swiss"]
[EventCountry "RUS"]
[SourceTitle "playchess.com"]
[Source "ChessBase"]
[SourceQuality "1"]

{[%evp 17,18,0,29]} 1. e4 c5 2. Nf3 d6 3. d4 cxd4 4. Nxd4 Nf6 5. Nc3 a6 6. Be3 $146 ({Predecessor:} 6. g3 e5 7. Nde2 Be7 8. Bg2 O-O 9. O-O b5 10. Nd5 Nxd5 11. Qxd5 Ra7 12. Be3 Rb7 13. Qd2 Nd7 14. Nc3 Nf6 15. Bg5 Be6 16. Bxf6 Bxf6 17. Nd5 Bg5 {½-½ (43) Vitiugov,N (2732)-Yu,Y (2763) Khanty-Mansiysk 2019}) 6... Ng4 7. Bc1 Nf6 8. Be3 Ng4 9. Bc1 Nf6 1/2-1/2

[Event "15th Governor Cup 2019"]
[Site "Khanty-Mansiysk"]
[Date "2019.11.20"]
[Round "3.3"]
[White "Iljiushenok, Ilia"]
[Black "Timofeev, Artyom"]
[Result "1/2-1/2"]
[WhiteElo "2532"]
[BlackElo "2595"]
[Annotator "RC"]
[PlyCount "104"]
[EventDate "2019.11.19"]
[EventType "swiss"]
[EventCountry "RUS"]
[SourceTitle "playchess.com"]
[Source "ChessBase"]
[SourceQuality "1"]
[TimeControl "5400+30"]

1. e4 {[%emt 0:00:00]} c5 {[%emt 0:00:00]} 2. Nf3 {[%emt 0:00:00]} e6 {[%emt 0:00:55]} 3. d4 {[%emt 0:00:11]} cxd4 {[%emt 0:00:35]} 4. Nxd4 {[%emt 0:00:04]} Nc6 {[%emt 0:00:18]} 5. Nc3 {[%emt 0:00:05]} d6 {[%emt 0:00:12]} 6. Be3 {[%emt 0:03:31]} Nf6 {[%emt 0:00:39]} 7. Qe2 {[%emt 0:00:14]} Bd7 {[%emt 0:11:59]} 8. O-O-O {[%emt 0:02:20]} a6 {[%emt 0:01:44]} 9. f4 {[%emt 0:10:41]} b5 {[%emt 0:00:35]} 10. e5 {[%emt 0:04:27]} b4 {[%emt 0:03:42]} 11. Nxc6 {[%emt 0:00:47]} Bxc6 {[%emt 0:00:06]} 12. Qc4 {[%emt 0:00:09]} Bd7 {[%emt 0:02:26]} 13. exf6 {[%emt 0:04:25]} bxc3 {[%emt 0:00:10]} 14. Qxc3 {[%emt 0:02:51]} Qxf6 {[%emt 0:02:30]} 15. Qd2 {[%emt 0:03:20]} Be7 {[%emt 0:04:48]} 16. Bd4 {[%emt 0:05:22]} Qh6 {[%emt 0:00:55]} 17. g4 {[%emt 0:18:11]} O-O {[%emt 0:01:49]} 18. g5 {[%emt 0:06:57]} Qh4 {[%emt 0:00:35]} 19. Rg1 {[%emt 0:03:51]} Bb5 {[%emt 0:09:54]} 20. Rg3 {[%emt 0:08:16]} Bxf1 {[%emt 0:06:03]} 21. Rxf1 {[%emt 0:00:02]} Rfc8 {[%emt 0:00:20]} 22. Qe2 {[%emt 0:05:06]} e5 {[%emt 0:12:22]} 23. Be3 {[%emt 0:04:18]} d5 {[%emt 0:01:39]} 24. Qf3 {[%emt 0:03:02]} exf4 {[%emt 0:08:04]} 25. Bxf4 {[%emt 0:00:57]} Rc4 {[%emt 0:00:45]} 26. Bd2 {[%emt 0:05:28]} Rf8 {[%emt 0:00:51]} 27. Qxd5 {[%emt 0:00:06]} Rc5 {[%emt 0:04:08]} 28. Qd3 {[%emt 0:02:33]} Rd8 {[%emt 0:00:56]} 29. Qb3 {[%emt 0:01:19]} Rf8 {[%emt 0:01:48]} 30. Rgf3 {[%emt 0:01:35]} Rb5 {[%emt 0:02:51]} 31. Qd3 {[%emt 0:00:01]} Bxg5 {[%emt 0:04:10]} 32. Rh3 {[%emt 0:03:10]} Bxd2+ {[%emt 0:00:35]} 33. Kb1 {[%emt 0:00:19]} Rxb2+ {[%emt 0:03:15]} 34. Kxb2 {[%emt 0:00:01]} Qb4+ {[%emt 0:00:09]} 35. Ka1 {[%emt 0:00:05]} Bh6 {[%emt 0:00:18]} 36. Rxh6 {[%emt 0:02:09]} gxh6 {[%emt 0:00:06]} 37. Qg3+ {[%emt 0:00:08]} Kh8 {[%emt 0:00:06]} 38. Qe5+ {[%emt 0:00:08]} f6 {[%emt 0:00:09]} 39. Rxf6 {[%emt 0:00:11]} Rxf6 {[%emt 0:00:22]} 40. Qxf6+ {[%emt 0:00:02]} Kg8 {[%emt 0:00:06]} 41. c3 {[%emt 0:02:32]} Qc4 {[%emt 0:02:27]} 42. h4 {[%emt 0:00:39]} Qe2 {[%emt 0:02:48]} 43. Kb1 {[%emt 0:00:59]} Qd1+ {[%emt 0:02:35]} 44. Kb2 {[%emt 0:00:01]} Qd2+ {[%emt 0:00:09]} 45. Kb1 {[%emt 0:00:47]} Qd1+ {[%emt 0:00:05]} 46. Kb2 {[%emt 0:00:01]} Qd2+ {[%emt 0:00:07]} 47. Kb3 {[%emt 0:00:03]} Qd1+ {[%emt 0:00:06]} 48. Kb4 {[%emt 0:01:55]} Qb1+ {[%emt 0:00:08]} 49. Ka3 {[%emt 0:00:30]} Qc1+ {[%emt 0:00:07]} 50. Kb3 {[%emt 0:00:06]} Qb1+ {[%emt 0:01:16]} 51. Ka3 {[%emt 0:00:03]} Qc1+ {[%emt 0:00:05]} 52. Kb3 {[%emt 0:01:28]} Qb1+ {[%emt 0:00:10]} 1/2-1/2

[Event "15th Governor Cup 2019"]
[Site "Khanty-Mansiysk"]
[Date "2019.11.20"]
[Round "3.4"]
[White "Sakaev, Konstantin"]
[Black "Safin, Robert"]
[Result "1-0"]
[WhiteElo "2595"]
[BlackElo "2182"]
[Annotator "TA"]
[PlyCount "61"]
[EventDate "2019.11.19"]
[EventType "swiss"]
[EventCountry "RUS"]
[SourceTitle "playchess.com"]
[Source "ChessBase"]
[SourceQuality "1"]

{[%evp 11,61,22,22,12,34,12,14,8,23,26,20,22,84,94,91,85,95,89,93,92,110,110,112,112,106,87,138,134,134,121,120,138,145,145,146,147,202,143,193,176,215,159,422,431,460,389,383,370,682,430,436,427]} 1. d4 d5 2. c4 c6 3. Nf3 Nf6 4. g3 e6 5. Bg2 dxc4 6. Ne5 Bb4+ 7. Bd2 {E04: Open Catalan: 5 Nf3} Be7 (7... Qxd4 {feels hotter.} 8. Bxb4 Qxe5 9. Na3 b5 10. Bc3 Qc5) 8. Bc3 (8. Bf4 Bb4+ 9. Kf1 O-O 10. Nxc4 Nd5 11. a3 Be7 12. Nc3 Nd7 {½-½ (34) Grischuk,A (2759)-Bok,B (2640) Khanty-Mansiysk 2019}) 8... O-O 9. Nxc4 {The position is equal.} Nd5 10. O-O Nxc3 11. Nxc3 b6 $146 (11... Nd7 $11) ({Predecessor:} 11... Nd7 12. a4 a5 13. e4 Nb6 14. Ne3 c5 {1-0 (63) Saduakassova,D (2411)-Sanal,V (2478) Dubai 2016}) 12. Ne5 $36 {[%mdl 2048] Black is under strong pressure.} Bb7 13. Rc1 f6 14. Nd3 Na6 15. Qa4 Qd7 16. d5 exd5 {[#]} 17. Nxd5 $1 {[%mdl 512]} Bd6 (17... cxd5 18. Qxd7) 18. N5f4 g5 ({Better is} 18... Qf7) 19. Bxc6 Bxc6 20. Qxc6 Qxc6 21. Rxc6 {Hoping for Ne6.} Rfd8 22. Nd5 Kf7 23. Rfc1 Ke6 (23... Rd7 $16 24. e4 Re8) 24. Ne3 h5 25. Kg2 Rab8 26. h3 f5 $2 {[#]} (26... Rb7 $16 {was worth a try.} 27. R6c4 Kf7) 27. h4 $18 f4 28. gxf4 gxf4 29. Nc4 f3+ $2 (29... Ke7 30. Kf3 Bc7) 30. Kxf3 Rf8+ 31. Ke4 {Accuracy: White = 70%, Black = 36%.} 1-0

[Event "15th Governor Cup 2019"]
[Site "Khanty-Mansiysk"]
[Date "2019.11.20"]
[Round "3.5"]
[White "Rozum, Ivan"]
[Black "Afanasiev, Nikita"]
[Result "1-0"]
[WhiteElo "2593"]
[BlackElo "2508"]
[Annotator "TA"]
[PlyCount "163"]
[EventDate "2019.11.19"]
[EventType "swiss"]
[EventCountry "RUS"]
[SourceTitle "playchess.com"]
[Source "ChessBase"]
[SourceQuality "1"]

{[%evp 9,163,25,26,16,68,42,51,50,62,50,45,60,51,42,45,51,51,44,49,51,66,69,82,72,68,83,106,85,100,92,132,124,183,140,162,155,146,167,148,153,187,173,216,136,207,126,125,102,115,109,88,55,55,60,58,47,78,74,116,47,75,54,112,117,103,115,109,115,142,134,139,143,141,120,122,80,93,87,82,81,106,91,94,70,64,64,64,64,64,64,64,0,0,0,0,0,0,0,0,0,0,0,0,0,0,0,182,158,351,0,0,0,87,87,87,88,89,89,87,89,97,0,12841,12841,12842,12843,12851,12851,12851,12851,12851,12851,12851,27999,12851,27995,27996,27996,27999,27999,27996,27996,27999,27997,27998,27998,27999,27999,27994,27994,27995,27995,27996,27994,27996,27995]} 1. Nf3 d5 2. g3 Nc6 3. d4 Bf5 4. Bg2 Nb4 5. Na3 e6 6. c3 {D02: 1 d4 d5 2 Nf3 sidelines, including 2...Nf6 3 g3 and 2...Nf6 3 Bf4} Na6 ({Black should play} 6... Nc6 $11) (6... Nc6 7. Qb3 Rb8 8. O-O Be7 9. Bf4 a6 10. Ne5 Nf6 11. Rfd1 O-O 12. c4 Nb4 13. Rac1 c6 {0-1 (43) Svidler,P (2756)-Bauer,C (2626) Porto Carras 2018}) 7. O-O Nf6 8. Nh4 {White is slightly better.} Bg4 9. f3 $146 ({Predecessor:} 9. Qd3 c6 10. h3 Bh5 11. g4 Bg6 12. Nxg6 hxg6 13. Bg5 Bxa3 14. bxa3 Qd6 {0-1 (41) Valiunas,R (2079)-Beinoras,M (2378) Panevezys 2013}) 9... Bh5 10. g4 Nd7 11. Qe1 $1 Be7 12. Nf5 exf5 13. gxh5 O-O 14. e4 Re8 15. Qg3 Nf6 16. h6 {[%csl Gh6][%cal Rg3g7]} ({Much weaker is} 16. exf5 $6 Nxh5 17. Qh3 Nf6 $15) 16... g6 {[%cal Rd5e4]} 17. exf5 $1 Nh5 18. Qg4 $40 {[%mdl 128] White goes for the king.} Nf6 {[#]} 19. Qh3 $1 Qd7 20. Nc2 Rad8 (20... c6 $16 21. Re1 Qd6) 21. Bd2 Nh5 22. f4 Qxf5 23. Qxf5 gxf5 24. Ne3 Nf6 25. Nxf5 Bf8 26. Bf3 Kh8 (26... Ne4 $16) 27. Kf2 Re6 28. Rae1 c6 29. Rg1 Nc7 30. Ng7 (30. Re5 {keeps more tension.} Ng8 31. h3 Rf6 32. Ne3 Bd6 33. Rf5) 30... Rxe1 31. Rxe1 Bxg7 32. hxg7+ Kxg7 33. f5 Ng8 34. Bf4 ({White should try} 34. Rg1+ $16 Kh8 35. Bf4) 34... Nb5 35. f6+ Kf8 (35... Kxf6 $14 36. Bd1 Nd6) 36. Be2 Nd6 37. Bd3 Ne8 38. Bxh7 Nexf6 39. Bd3 Ne8 40. h4 Ng7 41. Be5 f6 42. Bf4 Kf7 43. Rh1 Nh5 44. Bc7 Rc8 45. Bd6 Rd8 46. Rg1 Rxd6 47. Bg6+ {[%mdl 64] Double Attack} Kf8 48. Bxh5 $14 {[%mdl 4096] Endgame KRB-KRN} Rd7 49. Bg6 Rg7 50. h5 (50. Rg3 $14) 50... Ne7 $11 51. Kf3 Nxg6 52. hxg6 {KR-KR} ({Of course not} 52. Rxg6 Rxg6 53. hxg6 Kg7 $17) 52... Rg8 53. Kf4 {Kf5 is the strong threat.} Kg7 54. Kf5 {Black must now prevent Rh1.} Rh8 55. Rg2 Rh5+ 56. Ke6 Rg5 57. Rf2 Rxg6 $2 {[#]} (57... Rg3 $11 {and Black has nothing to worry.}) 58. Kd7 $1 $18 f5 $2 (58... Kf8 $16) 59. Rxf5 $2 (59. Kc7 $18) 59... Rg2 $11 60. b4 Rg3 (60... Rxa2 $11 {keeps the balance.} 61. Kc7 Ra3) 61. Kc7 $16 Rxc3 62. Kxb7 Kg6 63. Rf2 Rc4 64. a3 Rc3 65. a4 (65. Kc7 $16) 65... Rb3 $2 {[%mdl 8192]} (65... Rc4 $11) 66. Kxc6 $18 Rxb4 67. Kxd5 Rxa4 68. Kc5 Ra1 69. d5 Rc1+ 70. Kd6 a5 71. Ra2 Kf5 72. Rxa5 Rh1 {White mates.} 73. Ra2 Re1 74. Kd7 Ke5 75. d6 Rd1 76. Re2+ Kf6 77. Kc7 Rc1+ 78. Kd8 Rd1 79. d7 Kf7 80. Rf2+ Kg7 81. Rf4 Kg6 82. Ke7 {Accuracy: White = 64%, Black = 48%.} 1-0

[Event "15th Governor Cup 2019"]
[Site "Khanty-Mansiysk"]
[Date "2019.11.20"]
[Round "3.6"]
[White "Potapov, Pavel"]
[Black "Goganov, Aleksey"]
[Result "1/2-1/2"]
[WhiteElo "2489"]
[BlackElo "2565"]
[Annotator "TA"]
[PlyCount "80"]
[EventDate "2019.11.19"]
[EventType "swiss"]
[EventCountry "RUS"]
[SourceTitle "playchess.com"]
[Source "ChessBase"]
[SourceQuality "1"]

{[%evp 14,80,40,0,11,4,10,9,14,16,10,0,20,12,34,19,27,0,9,15,29,0,13,30,31,23,23,14,30,0,0,0,0,0,0,0,0,0,0,-20,-7,-25,0,0,0,0,0,0,0,0,0,0,0,0,0,0,0,0,0,0,0,0,0,0,0,0,0,0,0]} 1. e4 c5 2. c3 d5 3. exd5 Qxd5 4. d4 Nf6 5. Nf3 e6 6. Bd3 Nc6 7. O-O Be7 8. c4 Qd7 {B22: Sicilian: 2 c3} (8... Qh5 9. dxc5 Bxc5 10. Nc3 Bd7 11. Qe2 O-O-O 12. Ng5 Be8 13. Qxh5 Nxh5 14. Be2 Nf6 15. Nge4 Bd4 16. Rd1 Nxe4 17. Nxe4 {½-½ (65) Fressinet,L (2712)-Edouard,R (2627) Calvi 2015}) 9. dxc5 Bxc5 10. Nc3 b6 11. Qe2 Bb7 12. Rd1 Qe7 $146 ({Predecessor:} 12... Rd8 13. Bg5 Qe7 14. Rac1 h6 {0-1 (44) Kristiansson,I (2250)-Vukic,M (2500) Oberwart 1991}) 13. a3 a5 14. Bg5 h6 15. Bh4 g5 16. Bg3 Nh5 17. Na4 Nxg3 18. hxg3 O-O 19. Nxc5 bxc5 20. Be4 Rfd8 21. Bxc6 Bxc6 22. Ne5 Be8 23. Ng4 {aiming for Qe5.} Kg7 24. Qe3 f6 25. Rxd8 Rxd8 26. Qc3 a4 27. Ne3 Bg6 28. Rd1 {The position is equal.} Rxd1+ 29. Nxd1 Qd7 30. Ne3 Qd4 31. Qa5 Be8 32. Qa7+ Kf8 33. Qb6 Ke7 34. g4 Bd7 35. Qa7 Qd6 36. Qa5 Be8 37. Qa7+ Bd7 38. Qa5 Be8 39. Qa7+ Bd7 40. Qa5 Be8 {Accuracy: White = 68%, Black = 69%.} 1/2-1/2